000 00348nam a2200145Ia 4500
008 230917s9999||||xx |||||||||||||| ||und||
040 _e204619
_aMAIN
041 _aEnglish
082 _a363.2502454 L962F
100 _aLucas, A
245 0 _aForensic chemistry
260 _aLondon
_bEdward Arnold
_c1921
300 _avii, 268 p.
942 _cBK
999 _c175435
_d175435